Разная переписка по поводу военных действий

Доступно только в Электронных читальных залах Найти на картеНа карте
RUSMARC
00004198nmc2a22002773x 450
001c1146541-61fd-4de7-a454-63259f12f82f
00520250902142603.0
100##$a20250204l19141916k l0rusy0189 ca
1010#$arus
$afre
102##$aRU
105##$ay###
1222#$ad
2001#$aРазная переписка по поводу военных действий
$j21 июля 1914 г. - 14 февраля 1916 г.
$hЧасть 3
215##$a492 л.
$d36,5х26 см
251##$cДело
300##$aВ шести частях
300##$aОриг. заголовок дела: Дело по разным вопросам и ходатайствам, связанным с военным временем. Часть 3. 21 июля 1914 г. - 14 февраля 1916 г
300##$aНа русском и французском языках
371##$aДокумент не является опубликованным и широко распространяемым
461#0$100108cd6ec2-be9a-457f-a0b6-fa449e506316
$12001
$aКанцелярия Министерства Императорского двора
$1251
$cФонд
$1852
$j472
462#0$10017d3fcec4-adce-4fb2-ab35-fb083887456e
$12001
$aКанцелярия Министерства Императорского двора
$1251
$cОпись
$1852
$j45
$l1914 г.
5171#$aДело по разным вопросам и ходатайствам, связанным с военным временем. Часть 3. 21 июля 1914 г. - 14 февраля 1916 г
801#0$aRU
$bРГИА
$c20250204
$gRCR
801#1$aRU
$bГлавНИВЦ
$c20250204
$2rusmarc
801#2$aRU
$bПБ им. Б.Н. Ельцина
$c20250902
$gRCR
$2rusmarc
850##$aРГИА
852##$aРГИА
$eФедеральное казенное учреждение "Российский государственный исторический архив" (РГИА)
$j45
$lв
937##$hРГИА
$d12419977
$aASBIBLIO_SCAN
035##$aRusGRCC00085392
856##$uhttp://readingroom.main.prlib.ru/item.aspx?id_node=n198195399&mode=full
Формат отображения